Music Quiz

Random Music or Lyrics Quiz

Louis Armstrong - Wonderful World Lyrics Quiz Stats

 Plays Quiz not verified by Sporcle

Challenge
Share
Tweet
Embed
Score 0/121 Timer 05:00
0 Plays Today
% Correct
I
99.4%
I
99.4%
I
99.4%
I
99.4%
I
99.4%
I
99.4%
I
99.4%
I
99.4%
I
99.4%
I
99.4%
I
99.4%
a
99.1%
a
99.1%
a
99.1%
a
99.1%
to
98.6%
to
98.6%
to
98.6%
to
98.6%
wonderful
98.4%
wonderful
98.4%
wonderful
98.4%
wonderful
98.4%
world
98.2%
world
98.2%
world
98.2%
world
98.2%
what
98%
what
98%
what
98%
what
98%
see
97.8%
see
97.8%
see
97.8%
see
97.8%
and
96.9%
And
96.9%
and
96.9%
and
96.9%
And
96.9%
of
95.7%
% Correct
of
95.7%
of
95.7%
of
95.7%
of
95.7%
myself
95.5%
myself
95.5%
myself
95.5%
myself
95.5%
think
94.5%
think
94.5%
think
94.5%
think
94.5%
you
92.2%
you
92.2%
you
92.2%
The
91.8%
the
91.8%
The
91.8%
the
91.8%
the
91.8%
the
91.8%
green
91.5%
too
89.6%
red
89%
blue
86.9%
roses
86.3%
skies
83.1%
trees
82.9%
me
82.8%
white
78.5%
for
78.1%
for
78.1%
clouds
76.8%
them
76.7%
them
76.7%
love
75.3%
do
73.9%
do
73.9%
in
73.3%
so
71.2%
how
70.7%
% Correct
sky
70.2%
night
68.2%
colors
68%
saying
67.7%
saying
67.7%
rainbow
67.5%
bloom
64%
day
62.5%
They're
61.8%
friends
61.3%
by
61.1%
hands
60.1%
pretty
59.7%
dark
59.1%
people
59%
really
58.9%
shaking
58.7%
know
57.8%
bright
56.2%
on
56%
watch
53.3%
grow
53.2%
babies
52.8%
hear
51.9%
Yes
51.9%
Are
51.5%
than
50.3%
more
49.7%
I'll
49.6%
faces
48.5%
much
47.7%
They'll
45.9%
going
45.6%
blessed
42.1%
learn
41.8%
sacred
40.1%
also
39.3%
never
36.3%
crying
35.5%

You're not logged in!

Compare scores with friends on all Sporcle quizzes.
Join for Free
OR
Log In

You Might Also Like...

Show Comments

Extras

Curator's Pick May 27, 2015ReportNominate
Tags:Lyrics Quiz, armstrong, Wonderful World

Top Quizzes Today


Score Distribution

Your Account Isn't Verified!

In order to create a playlist on Sporcle, you need to verify the email address you used during registration. Go to your Sporcle Settings to finish the process.

Report this User

Report this user for behavior that violates our Community Guidelines.

Details: